000 01063nam a2200277 i 4500
001 136342
003 ES-MaACL
005 20230906195109.0
007 t|
008 070214s1973 sp b |||| | spa d
080 _a940.18
100 1 _aRunciman, Steven.
_9100996
245 1 0 _aHistoria de las Cruzadas /
_cSteven Runciman ; versión española de Germán Bleiberg.
260 _aMadrid :
_bAlianza,
_c1973.
300 _a3 v. ;
_c22 cm.
490 1 _aAlianza universidad ;
_v59-61
505 8 _aContiene: v. I: La Primera Cruzada y la Fundación del Reino de Jerusalén - v. II: El Reino de Jerusalén y el Oriente Franco - v. III: El reino de Acre y las últimas Cruzadas
650 4 _aCruzadas.
_911463
700 1 _aBleiberg, Germán.
_929469
740 3 _aLa Primera Cruzada y la Fundación del Reino de Jerusalén.
740 3 _aEl Reino de Jerusalén y el Oriente Franco.
740 3 _aEl reino de Acre y las últimas Cruzadas.
830 0 _aAlianza universidad ;
_v59-61
_9177276
852 _aES-MaACL
_jE-4868-70
999 _c136342
_d136342